Ski Jump World Cup Medalists - Statistics

General Stats
  • This quiz has been taken 237 times
    227 since last reset
  • The average score is 80 of 117
Answer Stats
% Correct
Gold 2013/14 Kamil Stoch Poland
99%
Gold 2017/18 Kamil Stoch Poland
99%
Silver 2016/17 Kamil Stoch Poland
99%
Bronze 2012/13 Kamil Stoch Poland
99%
Gold 2015/16 Peter Prevc Slovenia
97%
Silver 2013/14 Peter Prevc Slovenia
97%
Silver 2014/15 Peter Prevc Slovenia
97%
Gold 2000/01 Adam Małysz Poland
95%
Gold 2001/02 Adam Małysz Poland
95%
Gold 2002/03 Adam Małysz Poland
95%
Gold 2006/07 Adam Małysz Poland
95%
Bronze 2010/11 Adam Małysz Poland
95%
Gold 2008/09 Gregor Schlierenzauer Austria
94%
Gold 2012/13 Gregor Schlierenzauer Austria
94%
Silver 2007/08 Gregor Schlierenzauer Austria
94%
Silver 2009/10 Gregor Schlierenzauer Austria
94%
Silver 2011/12 Gregor Schlierenzauer Austria
94%
Gold 2009/10 Simon Amman Switzerland
94%
Silver 2008/09 Simon Amman Switzerland
94%
Silver 2010/11 Simon Amman Switzerland
94%
Bronze 2006/07 Simon Amman Switzerland
94%
Gold 2016/17 Stefan Kraft Austria
94%
Bronze 2014/15 Stefan Kraft Austria
94%
Gold 2003/04 Janne Ahonen Finland
93%
Gold 2004/05 Janne Ahonen Finland
93%
Silver 1998/99 Janne Ahonen Finland
93%
Silver 2005/06 Janne Ahonen Finland
93%
Bronze 1994/95 Janne Ahonen Finland
93%
Bronze 1995/96 Janne Ahonen Finland
93%
Bronze 1999/00 Janne Ahonen Finland
93%
Bronze 2007/08 Janne Ahonen Finland
93%
Gold 2014/15 Severin Freund Germany
93%
Silver 2015/16 Severin Freund Germany
93%
Bronze 2013/14 Severin Freund Germany
93%
Gold 2007/08 Thomas Morgenstern Austria
92%
Gold 2010/11 Thomas Morgenstern Austria
92%
Bronze 2009/10 Thomas Morgenstern Austria
92%
Gold 1998/99 Martin Schmitt Germany
87%
Gold 1999/00 Martin Schmitt Germany
87%
Silver 2000/01 Martin Schmitt Germany
87%
Gold 2005/06 Jakub Janda Czech Republic
86%
Gold 2011/12 Anders Bardal Norway
85%
Silver 2012/13 Anders Bardal Norway
85%
Gold 1982/83 Matti Nykänen Finland
85%
Gold 1984/85 Matti Nykänen Finland
85%
Gold 1985/86 Matti Nykänen Finland
85%
Gold 1987/88 Matti Nykänen Finland
85%
Silver 1983/84 Matti Nykänen Finland
85%
Silver 2017/18 Richard Freitag Germany
82%
Gold 1992/93 Andreas Goldberger Austria
81%
Gold 1994/95 Andreas Goldberger Austria
81%
Gold 1995/96 Andreas Goldberger Austria
81%
Bronze 1993/94 Andreas Goldberger Austria
81%
Bronze 2016/17 Daniel-André Tande Norway
80%
Bronze 2017/18 Daniel-André Tande Norway
80%
Gold 1996/97 Primož Peterka Slovenia
80%
Gold 1997/98 Primož Peterka Slovenia
80%
Bronze 1992/93 Noriaki Kasai Japan
78%
Bronze 1998/99 Noriaki Kasai Japan
78%
Silver 2001/02 Sven Hannawald Germany
78%
Silver 2002/03 Sven Hannawald Germany
78%
Silver 1997/98 Kazuyoshi Funaki Japan
72%
Bronze 1996/97 Kazuyoshi Funaki Japan
72%
Bronze 2011/12 Andreas Kofler Austria
71%
Gold 1983/84 Jens Weißflog East Germany
70%
Silver 1988/89 Jens Weißflog East Germany
70%
Silver 1993/94 Jens Weißflog Germany
70%
Silver 2006/07 Anders Jacobsen Norway
63%
Bronze 2001/02 Matti Hautamäki Finland
63%
Bronze 2004/05 Matti Hautamäki Finland
63%
Gold 1991/92 Toni Nieminen Finland
61%
Bronze 2008/09 Wolfgang Loitzl Austria
60%
Gold 1990/91 Andreas Felder Austria
56%
Silver 1984/85 Andreas Felder Austria
56%
Bronze 1985/86 Andreas Felder Austria
56%
Bronze 1986/87 Andreas Felder Austria
56%
Bronze 1989/90 Andreas Felder Austria
56%
Bronze 1991/92 Andreas Felder Austria
56%
Bronze 2005/06 Andreas Küttel Switzerland
56%
Gold 1993/94 Espen Bredesen Norway
55%
Silver 1999/00 Andreas Widhölzl Austria
53%
Bronze 1997/98 Andreas Widhölzl Austria
53%
Bronze 2002/03 Andreas Widhölzl Austria
53%
Bronze 2015/16 Kenneth Gangnes Norway
53%
Gold 1980/81 Armin Kogler Austria
51%
Gold 1981/82 Armin Kogler Austria
51%
Silver 1979/80 Armin Kogler Austria
51%
Bronze 1982/83 Armin Kogler Austria
51%
Gold 1988/89 Jan Boklöv Sweden
50%
Silver 1994/95 Roberto Cecon Italy
50%
Silver 1996/97 Dieter Thoma Germany
46%
Bronze 1988/89 Dieter Thoma Germany
46%
Bronze 1990/91 Dieter Thoma Germany
46%
Bronze 2003/04 Bjørn Einar Romøren Norway
44%
Silver 2003/04 Roar Ljøkelsøy Norway
44%
Silver 2004/05 Roar Ljøkelsøy Norway
44%
Gold 1989/90 Ari-Pekka Nikkola Finland
41%
Silver 1995/96 Ari-Pekka Nikkola Finland
41%
Gold 1979/80 Hubert Neuper Austria
41%
Silver 1981/82 Hubert Neuper Austria
41%
Bronze 1979/80 Stanisław Bobak Poland
39%
Silver 1992/93 Jaroslav Sakala Czech Republic
34%
Silver 1985/86 Ernst Vettori Austria
33%
Silver 1986/87 Ernst Vettori Austria
33%
Silver 1989/90 Ernst Vettori Austria
33%
Bronze 1984/85 Ernst Vettori Austria
33%
Bronze 2000/01 Risto Jussilainen Finland
31%
Bronze 1987/88 Primož Ulaga Yugoslavia
30%
Gold 1986/87 Vegard Opaas Norway
27%
Silver 1987/88 Pavel Ploc Czechoslovakia
22%
Bronze 1983/84 Pavel Ploc Czechoslovakia
22%
Silver 1980/81 Roger Ruud Norway
12%
Silver 1990/91 Stephan Zünd Switzerland
10%
Silver 1982/83 Horst Blau Canada
6%
Bronze 1980/81 Horst Blau Canada
6%
Bronze 1981/82 Horst Blau Canada
6%
Silver 1991/92 Werner Rathmayr Austria
3%
No matching quizzes found
Score Distribution
Percent of People with Each Score
Percentile by Number Answered
Your Score History
You have not taken this quiz since the last reset